000 00998nam a2200265Ia 4500
003 OSt
005 20220923210959.0
006 a|||||r|||| 00| 0
007 ta
008 220922b |||||||| |||| 00| 0 hin d
020 _a8170160804 (hbk)
_c200
024 _a238,513
037 _b406, 23/03/2009, Swaraj Prakashan
_cTextual
040 _aARTS
_cARTS
_bhin
041 _2hin
_ahin
082 _aO152,3N104x, N1(P6)
100 _aरांगेय राघव
_9156794
245 0 _aप्राचीन प्रेम और नीति की कहानियॉं
246 _aPrāchīn prem aur nīti kī kahāniyaॉan
260 _aनयी दिल्ली
_b किताबघर प्रकाशन
_c1991
300 _a351पृ.
_ccm.
650 _aहिन्दी साहित्य
_9156264
942 _hO152,3N104x, N1(P6)
_cTEXL
_2CC
999 _c293448
_d293448